The control of Germany and Japan / (Record no. 47043)
[ view plain ]
| 000 -LEADER | |
|---|---|
| fixed length control field | 00901nam a2200253 a 4500 |
| 001 - CONTROL NUMBER | |
| control field | 47043 |
| 003 - CONTROL NUMBER IDENTIFIER | |
| rucl marc code | BD-RjUL |
| 005 - DATE AND TIME OF LATEST TRANSACTION | |
| control field | 20211209054242.0 |
| 008 - FIXED-LENGTH DATA ELEMENTS--GENERAL INFORMATION | |
| fixed length control field | 160806s1944 dcuab 001 0 eng |
| 035 ## - SYSTEM CONTROL NUMBER | |
| System control number | (BD-RjUL)47162 |
| 040 ## - CATALOGING SOURCE | |
| Original cataloging agency | DLC |
| Transcribing agency | OKentU |
| Modifying agency | OCoLC |
| -- | DLC |
| Language of cataloging | eng |
| 041 ## - LANGUAGE CODE | |
| Language code of text/sound track or separate title | eng |
| 082 ## - DEWEY DECIMAL CLASSIFICATION NUMBER | |
| Classification number | 940.5314 |
| Edition number | 23 |
| Author mark and year | MOC 1944 |
| 100 1# - MAIN ENTRY--PERSONAL NAME | |
| Personal name | Moulton, Harold Glenn, |
| Dates associated with a name | 1883-1965. |
| 9 (RLIN) | 134422 |
| 245 14 - TITLE STATEMENT | |
| Title | The control of Germany and Japan / |
| Statement of responsibility, etc. | by Harold G. Moulton and Louis Marlio. |
| 260 ## - PUBLICATION, DISTRIBUTION, ETC. (IMPRINT) | |
| Place of publication, distribution, etc. | Washington, D.C., : |
| Name of publisher, distributor, etc. | The Brookings Institution, |
| Date of publication, distribution, etc. | 1944. |
| 300 ## - PHYSICAL DESCRIPTION | |
| Pagination | xi, 116 p. : |
| Illustrations | illus. (maps) |
| Size | 24 cm. |
| 650 #0 - SUBJECT ADDED ENTRY--TOPICAL TERM | |
| Topical term or geographic name as entry element | World War, 1939-1945 |
| General subdivision | Peace. |
| 9 (RLIN) | 129109 |
| 651 #0 - SUBJECT ADDED ENTRY--GEOGRAPHIC NAME | |
| Geographic name | Germany |
| General subdivision | Economic conditions |
| Chronological subdivision | 1918-1945. |
| 9 (RLIN) | 143271 |
| Geographic name | Japan |
| General subdivision | Economic conditions |
| Chronological subdivision | 1918-1945. |
| 9 (RLIN) | 142545 |
| 700 1# - ADDED ENTRY--PERSONAL NAME | |
| Personal name | Marlio, Louis, |
| Dates associated with a name | 1878-1952, |
| Relator term | joint author. |
| 710 2# - ADDED ENTRY--CORPORATE NAME | |
| Corporate name or jurisdiction name as entry element | Brookings Institution. |
| 9 (RLIN) | 143273 |
| 942 ## - ADDED ENTRY ELEMENTS (KOHA) | |
| Source of classification or shelving scheme | Dewey Decimal Classification |
| Koha item type | Books |
| Lost status | Source of classification or shelving scheme | Damaged status | Not for loan | Collection code | Permanent Location | Current Location | Shelving location | Date acquired | Source of acquisition | Total Checkouts | Full call number | Date last seen | Copy number | Koha item type |
|---|---|---|---|---|---|---|---|---|---|---|---|---|---|---|
| Dewey Decimal Classification | Non-fiction | Central Library, University of Rajshahi | Central Library, University of Rajshahi | 11/06/1963 | USB Exchange..... Gratis | 940.5314 MOC 1944 | 06/08/2016 | C-2 | Books |